000 00788nmm a2200253 a 4500
001 ocm000702561
003 TR-IsHL
005 20201028123903.0
008 130902s1993 tu tur
007 cr cn
035 _a702561
_b(N$T)
050 0 4 _aKKX1630
_b.A985 1993
090 0 4 _aKKX1630
_b.A985 1993
245 1 0 _aAvukatlık asgari ücret tarifesi
_h[electronic resource] /
_cTürkiye Barolar Birliği
260 _aAnkara :
_bTürkiye Barolar Birliği,
_c1993
300 _a17 p.
650 4 _aHukuk
650 4 _aLaw
650 0 _aAvukatlar
_x Türkiye
650 0 _aLawyers
_xTurkey
650 7 _aLAW / General
_2bisacsh
700 1 _aTürkiye Barolar Birliği
856 4 0 _uhttp://search.ebscohost.com/login.aspx?direct=true&scope=site&db=e011xww&AN=702561
999 _c2655
_d2655